000 00569cam a22002291 4500
001 sa 64000852
003 DLC
005 20260227111959.0
008 940930s1962 ii 000 1 beno
010 _asa 64000852
025 _aPL480:I-B-90
035 _a(OCoLC)31205789
040 _aDLC
_cCU
_dCU
_dDLC
042 _apremarc
050 0 0 _aPN3459.B4
_bC45
100 1 _aChatterjee, Sisir.
245 1 0 _aUpanyāsa-pāṭhera bhūmikā.
260 _c[1962]
300 _a156 p.
_c22 cm.
500 _aIn Bengali.
650 0 _aFiction
_xHistory and criticism.
999 _c56458
_d56458